Представление документа в формате RUSMARC

ПолеНазваниеЗначение
  Тип записи a
  Библиографический уровень a
001 Контрольный номер 54d6e4ab35e24b5fba5c5966847fc620
005 Дата корректировки 20260414104549.4
100 Данные общей обработки __
a Данные общей обработки 20260414 ||| 0rusy0189 ca
101 Язык документа 0_
a Язык текста rus
102 Страна публикации __
a Страна публикации RU
200 Заглавие и сведения об ответственности 1_
a Заглавие Собачка-закладка
e Сведения, относящиеся к заглавию [мастер-класс по изготовлению бумажной закладки]
461 Уровень набора _0
1 2000
a Тошка и компания
463 Уровень физической единицы _0
1 2000
a № 3
v С. 22-23 : фот.
1 2101
d 2026
1 001130724fde0f64c23af53f162280b99d2
606 Тематические рубрики 0_
a Основная рубрика Самоделки из бумаги
610 Ключевые слова 0_
a Ключевые слова самоделки, бумажные закладки, закладки для книг, книжные закладки, собаки, мастер-классы
686 Индексы других классификаций __
a Классификационный индекс 77.553.6
801 Источник записи _0
a Страна RU
b Организация УОБДЮ
c Дата составления 20260414
g Правила каталогизации RCR
801 Источник записи _1
a Страна RU
b Организация УОБДЮ
c Дата составления 20260414
g Правила каталогизации RCR
901 Тип документа __
t Тип документа b
w Контрольный № источника 130724fde0f64c23af53f162280b99d2
905 Данные по созданию БЗ __
b Логин пользователя, который создал БЗ ibo3